000 01494nam a2200409 a 4500
001 000114235
003 CHAP
005 20220329144432.0
008 171128s2010 mx a |r| |||||||spa d
010 _a110696
011 _a111668
020 _a9786074254495
040 _cCHAP
090 _aFolleto 4389
100 1 _aVillanueva Avalos, José Francisco
_9133931
245 1 0 _aLeguminosas forrajeras :
_bun recurso sustentable para el tropico mexicano /
_cPor José Francisco Villanueva Avalos, Filiberto Herrera Cedano y Raúl Placencia Jimenez.
260 _aNayarit, México :
_bPrometeo,
_c2010.
300 _a51 p. :
_bil.
490 0 _aFolleto técnico
590 _aBATCH-UPD
_b05
_c20171128
_lUCH01
_h1008
590 _aE11695DGD
_b10
_c20171129
_lUCH01
_h0910
590 _aE11695DGD
_b10
_c20171129
_lUCH01
_h0938
590 _aE11695DGD
_b10
_c20171129
_lUCH01
_h0939
590 _aE6339RRR
_b05
_c20171128
_lUCH01
_h1007
590 _aE6339RRR
_b05
_c20171128
_lUCH01
_h1014
650 1 4 _aLeguminosas forrajeras
_xDigestibilidad.
_9133266
650 1 4 _aLeguminosas forrajeras
_xFisiología y morfología.
_9133073
650 1 4 _aLeguminosas forrajeras
_xValor nutritivo.
_9133265
650 1 4 _aLeguminosas forrajeras
_xVariedades.
_9134155
650 1 4 _aLeguminosas
_xMéxico.
_965840
700 0 _aHerrera Cedano, Filiberto.
_954847
700 1 _aPlascencia Jiménez, Raúl.
_9134160
830 0 _aFolleto técnico
_v; 14
_942067
901 _aBK
942 _cLIBRO
942 _n0
999 _c110696
_d110696